00660 2200217 4500001002100000005001700021008004100038020001800079035002400097090001500121100004300136245014400179250001100323260003200334650001700366850001300383980001500396985000600411986001000417999001500427YOGYA-0209000002078120090227023447.0 ind  a979-672-369-7 0010-020900000020781 a635bBad I aBADAN AGRIBISNIS. Departemen Pertanian aPertanian invertasi agribisnis komoditas tunggalan Badan Agribisnisbtanaman pangan danitorti kulturacBadan Agribinis Departemen Pertanian aCet. 1 aYogyaklartabKanisiusc1999 aHortikultura aYOPDYOGB a18-07-2006 a1 aPKL-D aP000002255